Responses for Show #2230 - Friday, April 22, 1994

Contestants

[<< previous game]

Jeff Jaech, a college student from Riverside, California

Ken Frier, a director of foreign exchange originally from Hendersonville, North Carolina

John Hunt, a jazz musician from San Francisco, California (whose 2-day cash winnings total $24,601)

[next game >>]

Jeopardy! Round responses

U.S. GEOGRAPHY
FAMOUS CANADIANS
MUSICAL INSTRUMENTS
ROCKS & MINERALS
FOOD & DRINK
STARTS WITH "K"
    $100 6
the Great Salt Lake

John
    $100 16
Raymond Massey

Jeff
    $100 1
cymbals

Jeff
    $100 2
marble

John
    $100 26
(deep) fried

John
    $100 21
kick

John
    $200 7
Cape Hatteras

Jeff
    $200 17
Peter Jennings

Jeff
    $200 3
bugle

Jeff
    $200 4
sedimentary

John
    $200 27
Scotland

Ken
    $200 22
knotty

John
    $300 11
Oahu

Jeff
    $300 18
Lorne Michaels

Jeff
    $300 5
the harpsichord

Ken
    $300 8
topaz (or quartz)

Jeff
    $300 28
a matzo ball

Ken
    $300 23
their knees

Jeff
    $400 12
New York

Jeff
    $400 19
Paul Anka

Jeff
    $400 14
(John: What is a [*]...a pedal steel [*]?)
(Alex: [pauses]Yes. I'm sorry.)

guitar

John
    $800 9
(Alex: It appears as an oxide.)

oxygen

Jeff
    $400 29
corn

John
    $400 24
key

Ken
    $500 13
the Wabash

John
    $500 20
Colleen Dewhurst

Triple Stumper
    $500 15
didgeridoo

Jeff
    $500 10
limestone

Jeff
    $500 30
(John: What is Benedictine?)
(Jeff: What is Frangelico?)
---
(Alex: What is that potent stuff called [*]? [*]. Two colors.)

Chartreuse

JohnJeff
Triple Stumper
    $500 25
Kandy

Triple Stumper

Scores at the first commercial break (after clue 15):

John Ken Jeff
$1,300 $300 $3,300

Scores at the end of the Jeopardy! Round:

John Ken Jeff
$1,600 $1,200 $4,100

Double Jeopardy! Round responses

WOMEN'S FIRSTS
LANGUAGES
ART
BOOKS ON AUDIOTAPE
1986
POT LUCK
    $200 13
Japan

Jeff
    $200 3
French

Jeff
    $200 2
the Madonna

Jeff
    $200 1
Moby-Dick

John
    $200 19
Marcos

Jeff
    $200 26
pestle

Jeff
    $400 14
William Jennings Bryan

Ken
    $400 4
Korean

Jeff
    $400 8
(Jeff: Who is Washington?)

Lincoln

JohnJeff
    $400 10
the Civil War

Jeff
    $400 20
Hands Across America

Jeff
    $400 27
(Jeff: Who is Barnum?)

Buffalo Bill

JohnJeff
    $600 16
the Rhodes Scholarships

John
    $600 5
the Aztecs

John
    $600 9
Venice

Ken
    $600 15
John le Carré

John
    $600 21
William Rehnquist

Ken
    $600 28
holograms

Ken
    $800 17
the Basketball Hall of Fame

John
    $800 6
Siberia

John
    $800 11
Gauguin

Jeff
    $800 22
Bernard Malamud

Triple Stumper
    $2,800 23
(Ken: Who is Solzhenitsyn?)

Andrei Sakharov

Ken
    $800 29
Dewey

Ken
    $1000 18
(Valentina) Tereshkova

Jeff
    $1000 7
Farsi

John
    $1,000 12
Rembrandt

Jeff
    $1000 25
Julie Christie

Triple Stumper
    $1000 24
(Ken: Who is Rabin?)

Yitzhak Shamir

Ken
Triple Stumper
    $1000 30
Temple of Artemis

Triple Stumper

Scores at the end of the Double Jeopardy! Round:

John Ken Jeff
$7,000 $400 $8,300

[wagering suggestions for these scores]

Final Jeopardy! Round responses

OLD RADIO
(Alex: Fred was born John Florence Sullivan and changed it to [*].)
KenWho was Revere
$390
JohnWho was Fred Allen
$6,000
JeffWho is Jack Benny?
$5,701
Fred Allen

Final scores:

John Ken Jeff
$13,000 $10 $2,599
3-day champion: $37,601 3rd place: Magnavox TV 2nd place: trip to Roseland Ranch, NY

Game dynamics:

Coryat scores:

John Ken Jeff
$7,000 $3,200 $7,900
18 R,
1 W
9 R,
2 W
(including 1 DD)
25 R
(including 2 DDs),
3 W

Combined Coryat: $18,100

[game clues] [game scores] [suggest correction]

Game tape date: 1994-01-12
The J! Archive is created by fans, for fans. Scraping, republication, monetization, and malicious use prohibited; this site may use cookies and collect identifying information. See terms. The Jeopardy! game show and all elements thereof, including but not limited to copyright and trademark thereto, are the property of Jeopardy Productions, Inc. and are protected under law. This website is not affiliated with, sponsored by, or operated by Jeopardy Productions, Inc. Join the discussion at JBoard.tv.